00509nam a22001817a 450000500170000000800410001702000180005804000070007604100120008308200170009510000190011224500390013126000240017030000250019436500530021965000350027265000200030720260116144809.0260114b |||||||| |||| 00| 0 eng d a9781035026678 cAL aEnglish a791.43bWINB aHenry Winklert aBeing Henryb: the fonz and beyond bPan BooksaUKc2024 a244 p.bPBc20x13cm. a5464b₹520.00c₹d₹650.00e20%f10-01-2026 aActors United States Biography aAutobiographies